000 00571nam a2200169 a 4500
001 000024515
005 20200930023220.0
008 110128s1967 ec r 000 0 spa d
040 _aDO-SdBNP
_bspa
_cBNPHU
082 _axxxxx
_bM181v
100 1 _aMadero Moreira, Mauro
_950236
245 1 0 _aVoces, usos y costumbres del folklore médico ecuatoriano /
_cMauro Madero Moreira.
260 _aGuayaquil, Ecuador :
_bCasa de la Cultura Ecuatoriana Núcleo del Guayas,
_c1967.
300 _a164 p. ;
_c21 cm.
500 _aIncluye bibliografía p. [163-164].
049 _aBNGR
999 _c24008
_d24008